000 02045nam a2200325 i 4500
003 OSt
005 20260414143539.0
008 241012t20252024enk dr 000 f eng d
020 _a9780241646151
_cRM 93.40
_qpaperback
040 _aPPAK
_beng
_cPPAK
_erda
082 0 4 _223
_a823.92
090 0 0 _a823.92
_bGLY
_dG
100 1 _aGlynn, Connie,
_eeauthor.
245 1 0 _aTHE CURSED MELODIES /
_cCONNIE GLYNN
264 1 _aLondon :
_bPenguin Books,
_c2025
264 4 _c©2024
300 _a334 pages ;
_c24 cm
336 _atext
_2rdacontent
337 _aunmediated
_2rdamedia
338 _avolume
_2rdacarrier
500 _a"If you can hear the music, it's already too late."--Cover.
520 _a"Astrid and Jonas have only ever had each other. As twins, they share a bond. But they also share something doctors have called twisted and demonic their entire flowers whisper instructions, trees sing of their histories. The siblings are kept away from nature by their caretakers, but it still calls to them. Meanwhile, Gwen knows all about the shadow world of Bloom Bloods - people living among us who have magic running through their veins. They act under the instruction of the Queen, conserving fantastical creatures and studying the ancient melodies of magic to keep the mundane and mystic worlds in harmony. But Gwen failed her application to Fountains Abbey, the venerable school that trains up the next generation of Bloom Bloods, and she is now determined to prove her worth. A mysterious evil is spreading throughout the world; unnatural monsters are appearing in hazardous places - monsters that weave discordant magic. When the twins and Gwen collide, their unique abilities are revealed. But will their combined powers be enough to stop what's rising in the darkness?"--
_cPublisher.
650 1 0 _aTwins
_vFiction
650 2 0 _aFriendship
_vFiction
650 2 0 _aMagic
_vFiction
655 7 _aYoung adult fiction
655 7 _aFantasy fiction.
655 7 _aRomance fiction.
942 _2ddc
_cB
999 _c203839
_d203839